Words That Rhyme With Themselves Quiz Stats

Quiz Updated Nov 17, 2011

Also try: Rhymes with Cat
Challenge
Share
Tweet
Embed
Score 0/20 Timer 03:00
4 Plays Today
Hint Word % Correct
Not a blonde or brunetteRedhead
91.9%
Stick used for hoppingPogo
89.3%
Where you'll find recipesCookbook
87.3%
A corporate symbolLogo
84.4%
It carries school books and suppliesBackpack
83.1%
It precedes basket; ants like to ruin itPicnic
81.5%
Ralph Lauren brandPolo
81.4%
A religion whose followers believe in magicVoodoo
72.8%
Conical tentTepee
72.8%
Distress signal, used by ships and aircraft Mayday
71.3%
Hint Word % Correct
21Blackjack
70.8%
A mentor or spiritual leaderGuru
66.3%
VagabondHobo
64.7%
A jumble or a mix of different thingsHodgepodge
58.4%
To socialize with the rich or famousHobnob
51.6%
A high-ranking person at a companyBigwig
47.9%
Motley; patchwork; usually describes a groupRagtag
44%
A talented person with a tendency to show offHotshot
22.3%
A simpletonNitwit
21.5%
Pretentious or foolish talkClaptrap
9.4%

You're not logged in!

Compare scores with friends on all Sporcle quizzes.
Sign Up with Email
OR
Log In

You Might Also Like...

Show Comments

Extras

Top Quizzes Today


Score Distribution

Your Account Isn't Verified!

In order to create a playlist on Sporcle, you need to verify the email address you used during registration. Go to your Sporcle Settings to finish the process.